000 00912cam a2200289 i 4500
008
020 _a9780323086189 (hardback)
040 _aNUST
_cNUST
049 _aMAIN
090 _aRC78.7.U4
_bHER
100 1 _aHertzberg, Barbara S.,
_eauthor.
245 1 0 _aUltrasound :
_bthe requisites /
_cBarbara S. Hertzberg & William D. Middleton.
250 _aThird edition.
260 _aPhiladelphia :
_bElsevier,
_c2016.
300 _axv, 612 pages :
_billustrations (some colour) ;
_c28cm.
336 _atext
_btxt
_2rdacontent
337 _aunmediated
_bn
_2rdamedia
338 _avolume
_bn
_2rdacarrier
490 _aRequisites.
650 0 _aUltrasonic imaging.
650 1 2 _aUltrasonography.
700 1 _aMiddleton, William D.,
_eauthor.
907 _a.b10383815
_b17-01-23
_c25-09-17
003
005 20230120204301.0
942 _cBOOKS
_kRC78.7.U4
_mHER
999 _c120451
_d120451